U.S. States With the Most Atlas Obscura Places - Statistics

General Stats
  • This quiz has been taken 35 times
  • The average score is 9 of 10
Answer Stats
# of Locations U.S. State % Correct
1,349 California
100%
807 New York
100%
312 Texas
100%
328 Florida
97%
318 Illinois
97%
270 Washington
81%
238 Michigan
74%
340 Pennsylvania
74%
271 Virginia
71%
449 Massachusetts
58%
No matching quizzes found
Score Distribution
Percent of People with Each Score
Percentile by Number Answered
Your Score History
You have not taken this quiz